top ten healthiest countries - Statistics

General Stats
  • This quiz has been taken 44 times
  • The average score is 6 of 10
Answer Stats
Answer % Correct
4. japan
84%
6. sweden
74%
9. norway
66%
1. spain
66%
7. australia
61%
2. italy
61%
3. iceland
58%
5. switzerland
53%
8. singapore
39%
10. israel
37%
No matching quizzes found
Score Distribution
Percent of People with Each Score
Percentile by Number Answered
Your Score History
You have not taken this quiz